| 000 | 00501nam a22001697a 4500 | ||
|---|---|---|---|
| 999 |
_c40761 _d40761 |
||
| 003 | OSt | ||
| 005 | 20200606120150.0 | ||
| 008 | 191102b ||||| |||| 00| 0 eng d | ||
| 020 | _a9788190520126 | ||
| 040 | _cMESKC library | ||
| 082 |
_a891.433 _bPRA/C |
||
| 100 |
_94 _aPrasoon, Srikanth |
||
| 245 |
_aChaukath Mein Phase Pavm / _cSrikanth Prasoon |
||
| 260 |
_aDelhi : _bDarshan Pustak Kendra, _c2014 |
||
| 300 | _a192p | ||
| 942 |
_2ddc _cBK _h891.433 _iPRA/C _k891.433 _mPRA/C |
||